Hudobný klasicizmus na Slovensku (vývoj bádania - stav poznania - aktuálne problémy)

Bibliographic Details
Main Author: Múdra, Darina, 1942- (Author)
Format: Article
Language:Slovak
PhysicalDescription:Lit. 105 zázn. v pozn.
Subjects:

MARC

LEADER 00000nab a2200000 a 4500
001 vtls000506163
003 SK-MaSNL
005 20260304013419.0
008 160204c1992 xo 0 slo
015 |a SNBRA19rr/mm-uuuuu 
035 |a CL0506301 
040 |a SNKBUCL  |b slo  |c SNKBUCL  |e AACR2 
041 0 |a slo 
044 |a xo  |c SK 
080 |a 78.01.035.2(437.6)  |2 1981 
080 |a 78.035.2(437.6)  |2 1981 
100 1 |a Múdra, Darina,  |d 1942-  |4 aut  |9 13631 
245 1 0 |a Hudobný klasicizmus na Slovensku (vývoj bádania - stav poznania - aktuálne problémy)  |c Darina Múdra 
300 |b Lit. 105 zázn. v pozn. 
500 |a Súbežný text v nem. 
650 0 7 |a hudobná kultúra  |2 snkbucl  |9 58402 
650 0 7 |a klasicizmus  |2 snkbucl  |9 20244 
655 7 |a články zo zborníkov  |2 snkbucl  |9 166140 
773 0 |t Musicologica slovaca et Europaea 17  |d Bratislava : ASCO, 1992  |g S. 11-34 
850 |a Slovenská národná knižnica v Martine  |a MTA001 
852 |a SNK  |b KIS3GCP 
958 |a NB 
958 |a RK 
992 |a RZB 
999 |c 2575713  |d 2577643